| 000 | 00574nam a22002057a 4500 | ||
|---|---|---|---|
| 008 | 150601b xxu||||| |||| 00| 0 eng d | ||
| 020 | _a9780534394745 | ||
| 041 | 0 | _aENG | |
| 080 | _a599.9 | ||
| 100 | _aCummings, Michael R. | ||
| 245 | 0 | 0 |
_aHuman heredity : _cMichael R. Cummings. |
| 250 | _a6th ed. | ||
| 260 |
_aAustralia ; _bPacific Grove, CA : _bThomson/Brooks/Cole, _cc2003. |
||
| 300 |
_a520 f _bme il _c28 cm. |
||
| 500 | _aindex | ||
| 500 | _abibliografi | ||
| 650 | _aHuman genetics. | ||
| 650 | _aHeredity, Human. | ||
| 942 |
_2udc _cBK |
||
| 999 |
_c947 _d947 |
||